000 00325nam a22001217a 4500
999 _c349
_d349
005 20200812150829.0
008 200812b ||||| |||| 00| 0 eng d
020 _a52094
040 _cCML
245 _aCondition Reflexes.
_cPavlov I.G
260 _aNew York.
_bAnrep M.D.
_c1964
942 _2ddc
_cBK
_e1
_h153
_mPAL